000 00465nam a2200157Ia 4500
008 100122s9999 xx 000 0 und d
082 _b60991
_aBM823.08
100 _aदेशपांडे कृ प
245 _aअसेल माझा हरी
250 _a0
260 _bअमोल प्रकाशन
_c1999
300 _a64
630 _aअसेल माझा हरी
730 _aअसेल माझा हरी
942 _cBOOK
999 _c435933
_d435930